000 00649cam a2200145 4500500
005 20260208002339.0
041 _afre
042 _adc
100 1 0 _aBonvini, Emilio
_eauthor
245 0 0 _aDanouta Liberski-Bagnoud Les Dieux du territoire: penser autrement la généalogie. Paris, CNRS Éd. – Éd. de la Maison des sciences de l’homme 2002, 244 p., bibl., lexique, index, ill., fig., cartes (« Chemins de l’ethnologie »)
260 _c2005.
500 _a71
786 0 _nL'Homme | 174 | 2 | 2005-06-01 | p. 277e-329e | 0439-4216
856 4 1 _uhttps://shs.cairn.info/revue-l-homme-2005-2-page-277e?lang=fr&redirect-ssocas=7080
999 _c1645951
_d1645951